Catálogo
 En Linea

Entre la vigilia y el sueño de las fieras = (Registro nro. 9806)

Detalles MARC
000 -CABECERA
campo de control de longitud fija 00922cam a2200253 a 4500
001 - NÚMERO DE CONTROL
campo de control 000010047
005 - FECHA Y HORA DE LA ÚLTIMA TRANSACCIÓN
campo de control 20200929161822.0
008 - DATOS DE LONGITUD FIJA--INFORMACIÓN GENERAL
campo de control de longitud fija 080123s1996 pr 001 0 spa d
020 ## - NÚMERO INTERNACIONAL ESTÁNDAR DEL LIBRO
Número Internacional Estándar del Libro 0865814813
035 ## - NÚMERO DE CONTROL DEL SISTEMA
Número de control de sistema (OCoLC)ocm36441414
040 ## - FUENTE DE LA CATALOGACIÓN
Centro catalogador/agencia de origen DO-SdBNP
Centro/agencia transcriptor NYP
Centro/agencia modificador IXA
-- DLC
-- BNPHU
041 17 - CÓDIGO DE LENGUA
Código de lengua del texto/banda sonora o título independiente spaeng
Código de lengua original spa
Fuente del código Código de idioma MARC
082 ## - NÚMERO DE LA CLASIFICACIÓN DECIMAL DEWEY
Número de clasificación PR861.44
Número de documento/Ítem V181e
049 ## - FONDOS LOCALES (OCLC)
Fondos de biblioteca BNGR
100 1# - ENTRADA PRINCIPAL--NOMBRE DE PERSONA
Nombre de persona Valle, Carmen,
Fechas asociadas al nombre 1948-
9 (RLIN) 25019
245 10 - MENCIÓN DE TÍTULO
Título Entre la vigilia y el sueño de las fieras =
Resto del título Wild animals between walking and dreaming /
Mención de responsabilidad, etc. Carmen Valle ; tradución, Chris Brandt.
246 31 - FORMA VARIANTE DE TÍTULO
Título propio/Titulo breve Wild animals between walking and dreaming
260 ## - PUBLICACIÓN, DISTRIBUCIÓN, ETC.
Lugar de publicación, distribución, etc. San Juan, Puerto Rico :
Nombre del editor, distribuidor, etc. Instituto de Cultura Puertorriqueña,
Fecha de publicación, distribución, etc. 1996.
300 ## - DESCRIPCIÓN FÍSICA
Extensión 78 p. ;
Dimensiones 15 cm.
650 #4 - PUNTO DE ACCESO ADICIONAL DE MATERIA--TÉRMINO DE MATERIA
Término de materia o nombre geográfico como elemento de entrada Poesía puertorriqueña
9 (RLIN) 1015
650 #4 - PUNTO DE ACCESO ADICIONAL DE MATERIA--TÉRMINO DE MATERIA
Término de materia o nombre geográfico como elemento de entrada Literatura puertorriqueña
9 (RLIN) 250
700 1# - PUNTO DE ACCESO ADICIONAL--NOMBRE DE PERSONA
Nombre de persona Brandt, Chris,
Término indicativo de función/relación tr.
9 (RLIN) 25020
910 ## - DATOS DE OPCIÓN DEL USUARIO (OCLC)
Datos de opción del usuario Catalogación por copia / LC
Existencias
Estado de retiro Estado de pérdida Restricciones de uso No para préstamo Código de colección Localización permanente Ubicación/localización actual Ubicación en estantería Fecha de adquisición Número de inventario Total de préstamos Signatura topográfica completa Código de barras Fecha visto por última vez Precio válido a partir de Tipo de ítem Koha
    Préstamo interno   Monografías: Libros y Folletos General General En catalogación 02.10.2009 LF1   PR861.44 V181e 10047-10 25.06.2020 25.06.2020 Préstamo interno

Con tecnología Koha